Statistics for Five Biggest Producing Countries By Product #3

Click here to take the quiz!

General Stats

  • This quiz has been taken 3,561 times
    (2,393 since last reset)
  • The average score is 20 of 26

Answer Stats

Country % Correct
United States
100%
China
99%
Brazil
97%
France
97%
United Kingdom
96%
Australia
94%
Italy
93%
Spain
92%
Russia
92%
Germany
92%
India
92%
Japan
92%
Argentina
90%
New Zealand
88%
Turkey
78%
Indonesia
77%
Greece
75%
Chile
69%
Iran
66%
Nigeria
63%
Poland
55%
Algeria
44%
Ghana
41%
Côte d'Ivoire
35%
Sudan
27%
Uzbekistan
11%

Score Distribution

Percentile by Number Answered

Percent of People with Each Score

Your Score History

You have not taken this quiz since the last reset